[Event "Stay Safe Play From Home 391"]
[Site "Emanuel Lasker Arena"]
[Date "2020.08.18"]
[Round "4"]
[White "TheCHESSHOUSE"]
[Black "Haris kollari 13"]
[Result "0-1"]
[WhiteElo "1963"]
[BlackElo "1749"]
[Annotator "NA"]
[PlyCount "70"]
[EventDate "2020.08.18"]
[EventType "swiss (blitz)"]

1. d4 {[%emt 0:00:02]} e6 {[%emt 0:00:00]} 2. c4 {[%emt 0:00:00]} d5 {[%emt 0:00:00]} 3. g3 {[%emt 0:00:01]} c6 {[%emt 0:00:00]} 4. Bg2 {[%emt 0:00:00]} f5 {[%emt 0:00:01]} 5. Nf3 {[%emt 0:00:00]} Nf6 {[%emt 0:00:00]} 6. O-O {[%emt 0:00:00]} Bd6 {[%emt 0:00:01]} 7. b3 {[%emt 0:00:00]} h6 {[%emt 0:00:01]} 8. Ba3 {[%emt 0:00:00]} O-O {[%emt 0:00:02]} 9. Bxd6 {[%emt 0:00:02]} Qxd6 {[%emt 0:00:01]} 10. Ne5 {[%emt 0:00:00]} Nbd7 {[%emt 0:00:01]} 11. Nxd7 {[%emt 0:00:03]} Bxd7 {[%emt 0:00:02]} 12. Nd2 {[%emt 0:00:00]} f4 {[%emt 0:00:01]} 13. Nf3 {[%emt 0:00:02]} fxg3 {[%emt 0:00:03]} 14. fxg3 {[%emt 0:00:00]} Be8 {[%emt 0:00:01]} 15. Ne5 {[%emt 0:00:01]} Nd7 {[%emt 0:00:01]} 16. c5 {[%emt 0:00:01]} Qc7 {[%emt 0:00:02]} 17. Rxf8+ {[%emt 0:00:01]} Kxf8 {[%emt 0:00:01]} 18. Qf1+ {[%emt 0:00:03]} Kg8 {[%emt 0:00:01]} 19. Ng6 {[%emt 0:00:01]} Bxg6 {[%emt 0:00:01]} 20. Bh3 {[%emt 0:00:01]} Re8 {[%emt 0:00:03]} 21. e3 {[%emt 0:00:03]} Nf6 {[%emt 0:00:01]} 22. Qf2 {[%emt 0:00:07]} Ne4 {[%emt 0:00:02]} 23. Qf3 {[%emt 0:00:00]} Qe7 {[%emt 0:00:04]} 24. Rf1 {[%emt 0:00:02]} Nd2 {[%emt 0:00:02]} 25. Qg4 {[%emt 0:00:01]} Nxf1 {[%emt 0:00:01]} 26. Bxf1 {[%emt 0:00:01]} Bf5 {[%emt 0:00:01]} 27. Qh5 {[%emt 0:00:01]} Rf8 {[%emt 0:00:01]} 28. g4 {[%emt 0:00:01]} Be4 {[%emt 0:00:04]} 29. h3 {[%emt 0:00:01]} Qg5 {[%emt 0:00:01]} 30. Qxg5 {[%emt 0:00:01]} hxg5 {[%emt 0:00:01]} 31. Be2 {[%emt 0:00:01]} Rf6 {[%emt 0:00:01]} 32. a3 {[%emt 0:00:01]} Kf7 {[%emt 0:00:01]} 33. b4 {[%emt 0:00:01]} Bf3 {[%emt 0:00:01]} 34. Bd3 {[%emt 0:00:01]} Bd1 {[%emt 0:00:01]} 35. Kg2 {[%emt 0:00:03]} Rf3 {[%emt 0:00:02] TheCHESSHOUSE resigns TheCHESSHOUSE resigns TheCHESSHOUSE resigns (Lag: Av=0.98s, max=2.0s) (Lag: Av=0.98s, max=2.0s) (Lag: Av=0.98s, max=2.0s)} 0-1

[Event "Stay Safe Play From Home 391"]
[Site "Emanuel Lasker Arena"]
[Date "2020.08.18"]
[Round "4"]
[White "Fat Kevin"]
[Black "MihailoVujic"]
[Result "1-0"]
[WhiteElo "1945"]
[BlackElo "2181"]
[PlyCount "61"]
[EventDate "2020.08.18"]
[EventType "swiss (blitz)"]

1. d4 {[%emt 0:00:00]} e5 {[%emt 0:00:02]} 2. c4 {[%emt 0:00:00]} exd4 {[%emt 0:00:01]} 3. Qxd4 {[%emt 0:00:00]} Nc6 {[%emt 0:00:01]} 4. Qd1 {[%emt 0:00:03]} Nf6 {[%emt 0:00:00]} 5. Nc3 {[%emt 0:00:00]} Bc5 {[%emt 0:00:01]} 6. Nf3 {[%emt 0:00:00]} d6 {[%emt 0:00:01]} 7. Bg5 {[%emt 0:00:01]} h6 {[%emt 0:00:02]} 8. Bh4 {[%emt 0:00:01]} g5 {[%emt 0:00:01]} 9. Bg3 {[%emt 0:00:01]} Bf5 {[%emt 0:00:02]} 10. e3 {[%emt 0:00:01]} Qe7 {[%emt 0:00:01]} 11. Bd3 {[%emt 0:00:01]} Bxd3 {[%emt 0:00:01]} 12. Qxd3 {[%emt 0:00:00]} O-O-O {[%emt 0:00:01]} 13. O-O {[%emt 0:00:01]} g4 {[%emt 0:00:01]} 14. Nh4 {[%emt 0:00:02]} Ne5 {[%emt 0:00:05]} 15. Qf5+ {[%emt 0:00:06]} Kb8 {[%emt 0:00:02]} 16. Nd5 {[%emt 0:00:02]} Nxd5 {[%emt 0:00:01]} 17. cxd5 {[%emt 0:00:00]} Qg5 {[%emt 0:00:05]} 18. Bxe5 {[%emt 0:00:06]} Qxh4 {[%emt 0:00:06]} 19. Bf6 {[%emt 0:00:04]} Qxf6 {[%emt 0:00:09]} 20. Qxf6 {[%emt 0:00:00]} h5 {[%emt 0:00:02]} 21. Rac1 {[%emt 0:00:03]} h4 {[%emt 0:00:01]} 22. Qxf7 {[%emt 0:00:01]} Rdg8 {[%emt 0:00:01]} 23. b4 {[%emt 0:00:02]} Bb6 {[%emt 0:00:01]} 24. a4 {[%emt 0:00:01]} a5 {[%emt 0:00:01]} 25. bxa5 {[%emt 0:00:01]} Bxa5 {[%emt 0:00:01]} 26. Rc4 {[%emt 0:00:01]} Bb6 {[%emt 0:00:02]} 27. Rfc1 {[%emt 0:00:02]} g3 {[%emt 0:00:01]} 28. f3 {[%emt 0:00:03]} Bxe3+ {[%emt 0:00:01]} 29. Kh1 {[%emt 0:00:01]} h3 {[%emt 0:00:00]} 30. Qxc7+ {[%emt 0:00:02]} Ka8 {[%emt 0:00:01]} 31. Rb4 {[%emt 0:00:03] Time Time Time (Lag: Av=0.70s, max=1.5s) (Lag: Av=0.70s, max=1.5s) (Lag: Av=0.70s, max=1.5s) ' ' '} 1-0

[Event "Stay Safe Play From Home 391"]
[Site "Emanuel Lasker Arena"]
[Date "2020.08.18"]
[Round "4"]
[White "Myopix"]
[Black "Fischer_11"]
[Result "0-1"]
[WhiteElo "1689"]
[BlackElo "2001"]
[Annotator "NA"]
[PlyCount "52"]
[EventDate "2020.08.18"]
[EventType "swiss (blitz)"]

1. e4 {[%emt 0:00:01]} Nf6 {[%emt 0:00:01]} 2. e5 {[%emt 0:00:02]} Nd5 {[%emt 0:00:00]} 3. d4 {[%emt 0:00:01]} d6 {[%emt 0:00:01]} 4. Nf3 {[%emt 0:00:01]} dxe5 {[%emt 0:00:01]} 5. Nxe5 {[%emt 0:00:01]} Nd7 {[%emt 0:00:00]} 6. Bb5 {[%emt 0:00:02]} c6 {[%emt 0:00:02]} 7. Bc4 {[%emt 0:00:03]} Nxe5 {[%emt 0:00:01]} 8. dxe5 {[%emt 0:00:02]} Be6 {[%emt 0:00:01]} 9. Nc3 {[%emt 0:00:02]} Nxc3 {[%emt 0:00:02]} 10. Qxd8+ {[%emt 0:00:01]} Rxd8 {[%emt 0:00:00]} 11. Bd3 {[%emt 0:00:01]} Nd5 {[%emt 0:00:03]} 12. h3 {[%emt 0:00:03]} g6 {[%emt 0:00:01]} 13. c4 {[%emt 0:00:03]} Nb4 {[%emt 0:00:02]} 14. Be4 {[%emt 0:00:03]} Bg7 {[%emt 0:00:02]} 15. Bd2 {[%emt 0:00:01]} Nd3+ {[%emt 0:00:03]} 16. Bxd3 {[%emt 0:00:02]} Rxd3 {[%emt 0:00:00]} 17. Bf4 {[%emt 0:00:01]} Bxc4 {[%emt 0:00:01]} 18. b3 {[%emt 0:00:03]} Be6 {[%emt 0:00:05]} 19. Rd1 {[%emt 0:00:02]} Rxd1+ {[%emt 0:00:01]} 20. Kxd1 {[%emt 0:00:02]} O-O {[%emt 0:00:00]} 21. Kc2 {[%emt 0:00:02]} Rd8 {[%emt 0:00:03]} 22. Rc1 {[%emt 0:00:01]} Bf5+ {[%emt 0:00:01]} 23. Kc3 {[%emt 0:00:01]} e6 {[%emt 0:00:00]} 24. f3 {[%emt 0:00:02]} h6 {[%emt 0:00:01]} 25. Kb2 {[%emt 0:00:02]} g5 {[%emt 0:00:02]} 26. g4 {[%emt 0:00:01]} gxf4 {[%emt 0:00:01] Myopix gibt auf Myopix gibt auf Myopix gibt auf (Lag: Av=0.33s, max=0.4s) (Lag: Av=0.33s, max=0.4s) (Lag: Av=0.33s, max=0.4s)} 0-1

[Event "Stay Safe Play From Home 391"]
[Site "Emanuel Lasker Arena"]
[Date "2020.08.18"]
[Round "5"]
[White "NTBT_DHS"]
[Black "Stefanone"]
[Result "1-0"]
[WhiteElo "2545"]
[BlackElo "1973"]
[PlyCount "41"]
[EventDate "2020.08.18"]
[EventType "swiss (blitz)"]

1. e4 {[%emt 0:00:02]} e6 {[%emt 0:00:01]} 2. Nf3 {[%emt 0:00:00]} d5 {[%emt 0:00:00]} 3. exd5 {[%emt 0:00:00]} exd5 {[%emt 0:00:00]} 4. d4 {[%emt 0:00:00]} c6 {[%emt 0:00:00]} 5. Bd3 {[%emt 0:00:00]} f5 {[%emt 0:00:00]} 6. Nc3 {[%emt 0:00:00]} Nf6 {[%emt 0:00:00]} 7. Ne5 {[%emt 0:00:00]} Ne4 {[%emt 0:00:01]} 8. Qh5+ {[%emt 0:00:01]} g6 {[%emt 0:00:02]} 9. Nxg6 {[%emt 0:00:01]} Nf6 {[%emt 0:00:01]} 10. Qe2+ {[%emt 0:00:01]} Kf7 {[%emt 0:00:05]} 11. Nxh8+ {[%emt 0:00:00]} Kg7 {[%emt 0:00:02]} 12. Bh6+ {[%emt 0:00:03]} Kxh8 {[%emt 0:00:01]} 13. Bxf8 {[%emt 0:00:01]} Qxf8 {[%emt 0:00:00]} 14. O-O-O {[%emt 0:00:02]} Bd7 {[%emt 0:00:02]} 15. f3 {[%emt 0:00:01]} Na6 {[%emt 0:00:01]} 16. Bxa6 {[%emt 0:00:01]} bxa6 {[%emt 0:00:00]} 17. a3 {[%emt 0:00:01]} Qd6 {[%emt 0:00:01]} 18. Qe5 {[%emt 0:00:02]} Qf8 {[%emt 0:00:02]} 19. Na4 {[%emt 0:00:01]} Rb8 {[%emt 0:00:01]} 20. Nc5 {[%emt 0:00:01]} Be8 {[%emt 0:00:02]} 21. Qxb8 {[%emt 0:00:02] Stefanone abbandona Stefanone abbandona Stefanone abbandona (Lag: Av=0.69s, max=1.3s) (Lag: Av=0.69s, max=1.3s) (Lag: Av=0.69s, max=1.3s)} 1-0

[Event "Stay Safe Play From Home 391"]
[Site "Emanuel Lasker Arena"]
[Date "2020.08.18"]
[Round "5"]
[White "Tran Minh Thang"]
[Black "Lamborghini"]
[Result "1-0"]
[WhiteElo "2432"]
[BlackElo "2331"]
[PlyCount "51"]
[EventDate "2020.08.18"]
[EventType "swiss (blitz)"]

1. d4 {[%emt 0:00:01]} Nf6 {[%emt 0:00:01]} 2. c4 {[%emt 0:00:00]} g6 {[%emt 0:00:00]} 3. Nc3 {[%emt 0:00:00]} Bg7 {[%emt 0:00:00]} 4. Nf3 {[%emt 0:00:00]} O-O {[%emt 0:00:00]} 5. g3 {[%emt 0:00:00]} d6 {[%emt 0:00:01]} 6. Bg2 {[%emt 0:00:00]} c6 {[%emt 0:00:00]} 7. O-O {[%emt 0:00:00]} Qa5 {[%emt 0:00:00]} 8. h3 {[%emt 0:00:02]} Be6 {[%emt 0:00:01]} 9. Qd3 {[%emt 0:00:03]} Qa6 {[%emt 0:00:02]} 10. Nd2 {[%emt 0:00:01]} d5 {[%emt 0:00:01]} 11. b3 {[%emt 0:00:03]} dxc4 {[%emt 0:00:01]} 12. bxc4 {[%emt 0:00:02]} Rd8 {[%emt 0:00:02]} 13. e3 {[%emt 0:00:01]} Nfd7 {[%emt 0:00:01]} 14. Qe2 {[%emt 0:00:05]} Nb6 {[%emt 0:00:03]} 15. Nce4 {[%emt 0:00:04]} Nxc4 {[%emt 0:00:03]} 16. Nc5 {[%emt 0:00:01]} Qb5 {[%emt 0:00:04]} 17. Nxe6 {[%emt 0:00:01]} Nxd2 {[%emt 0:00:01]} 18. Qxb5 {[%emt 0:00:01]} cxb5 {[%emt 0:00:01]} 19. Nxd8 {[%emt 0:00:01]} Nxf1 {[%emt 0:00:01]} 20. Nxb7 {[%emt 0:00:01]} Na6 {[%emt 0:00:03]} 21. Kxf1 {[%emt 0:00:01]} Rb8 {[%emt 0:00:01]} 22. Bd2 {[%emt 0:00:02]} e5 {[%emt 0:00:01]} 23. dxe5 {[%emt 0:00:02]} Bxe5 {[%emt 0:00:01]} 24. Rb1 {[%emt 0:00:00]} b4 {[%emt 0:00:01]} 25. Bxb4 {[%emt 0:00:01]} Nc5 {[%emt 0:00:01]} 26. Bxc5 {[%emt 0:00:01] Lamborghini gibt auf Lamborghini gibt auf Lamborghini gibt auf (Lag: Av=0.62s, max=0.8s) (Lag: Av=0.62s, max=0.8s) (Lag: Av=0.62s, max=0.8s)} 1-0

[Event "Stay Safe Play From Home 391"]
[Site "Emanuel Lasker Arena"]
[Date "2020.08.18"]
[Round "5"]
[White "IceQueen"]
[Black "Mepe_Nika"]
[Result "0-1"]
[WhiteElo "2360"]
[BlackElo "2378"]
[PlyCount "86"]
[EventDate "2020.08.18"]
[EventType "swiss (blitz)"]

1. e4 {[%emt 0:00:01]} c6 {[%emt 0:00:01]} 2. d4 {[%emt 0:00:00]} d5 {[%emt 0:00:00]} 3. Nc3 {[%emt 0:00:00]} dxe4 {[%emt 0:00:01]} 4. Nxe4 {[%emt 0:00:01]} Nf6 {[%emt 0:00:00]} 5. Nxf6+ {[%emt 0:00:01]} exf6 {[%emt 0:00:00]} 6. c3 {[%emt 0:00:00]} Bd6 {[%emt 0:00:01]} 7. Bd3 {[%emt 0:00:00]} O-O {[%emt 0:00:00]} 8. Ne2 {[%emt 0:00:00]} Re8 {[%emt 0:00:00]} 9. Qc2 {[%emt 0:00:00]} h5 {[%emt 0:00:02]} 10. Be3 {[%emt 0:00:01]} Nd7 {[%emt 0:00:03]} 11. O-O {[%emt 0:00:01]} Nf8 {[%emt 0:00:01]} 12. Rad1 {[%emt 0:00:02]} Be6 {[%emt 0:00:01]} 13. Rfe1 {[%emt 0:00:02]} Qd7 {[%emt 0:00:01]} 14. c4 {[%emt 0:00:01]} Rad8 {[%emt 0:00:01]} 15. b3 {[%emt 0:00:02]} Bb8 {[%emt 0:00:00]} 16. Nf4 {[%emt 0:00:02]} h4 {[%emt 0:00:03]} 17. h3 {[%emt 0:00:01]} Qd6 {[%emt 0:00:03]} 18. c5 {[%emt 0:00:06]} Qc7 {[%emt 0:00:01]} 19. Bf5 {[%emt 0:00:03]} g5 {[%emt 0:00:04]} 20. Nxe6 {[%emt 0:00:04]} Qh2+ {[%emt 0:00:02]} 21. Kf1 {[%emt 0:00:01]} Nxe6 {[%emt 0:00:02]} 22. Bxe6 {[%emt 0:00:04]} Rxe6 {[%emt 0:00:02]} 23. Qf5 {[%emt 0:00:02]} Qh1+ {[%emt 0:00:04]} 24. Ke2 {[%emt 0:00:01]} Qxg2 {[%emt 0:00:01]} 25. Rg1 {[%emt 0:00:02]} Qe4 {[%emt 0:00:00]} 26. Qxe4 {[%emt 0:00:01]} Rxe4 {[%emt 0:00:00]} 27. Kf3 {[%emt 0:00:01]} Rde8 {[%emt 0:00:01]} 28. Rg4 {[%emt 0:00:01]} Rxg4 {[%emt 0:00:01]} 29. hxg4 {[%emt 0:00:00]} Kg7 {[%emt 0:00:00]} 30. d5 {[%emt 0:00:00]} cxd5 {[%emt 0:00:02]} 31. Rxd5 {[%emt 0:00:00]} Be5 {[%emt 0:00:01]} 32. Rd7 {[%emt 0:00:01]} Rb8 {[%emt 0:00:01]} 33. b4 {[%emt 0:00:01]} Kg6 {[%emt 0:00:01]} 34. b5 {[%emt 0:00:01]} f5 {[%emt 0:00:01]} 35. c6 {[%emt 0:00:01]} bxc6 {[%emt 0:00:01]} 36. bxc6 {[%emt 0:00:00]} fxg4+ {[%emt 0:00:01]} 37. Kxg4 {[%emt 0:00:00]} Rc8 {[%emt 0:00:01]} 38. Rd5 {[%emt 0:00:03]} f5+ {[%emt 0:00:01]} 39. Kf3 {[%emt 0:00:01]} g4+ {[%emt 0:00:01]} 40. Ke2 {[%emt 0:00:01]} Bf6 {[%emt 0:00:00]} 41. Rd6 {[%emt 0:00:01]} Kf7 {[%emt 0:00:00]} 42. Bxa7 {[%emt 0:00:01]} h3 {[%emt 0:00:01]} 43. Rd7+ {[%emt 0:00:01]} Ke6 {[%emt 0:00:01] Time Time Time (Lag: Av=0.48s, max=1.0s) (Lag: Av=0.48s, max=1.0s) (Lag: Av=0.48s, max=1.0s)} 0-1

[Event "Stay Safe Play From Home 391"]
[Site "Emanuel Lasker Arena"]
[Date "2020.08.18"]
[Round "5"]
[White "MihailoVujic"]
[Black "Myopix"]
[Result "0-1"]
[WhiteElo "2154"]
[BlackElo "1684"]
[Annotator "NA"]
[PlyCount "46"]
[EventDate "2020.08.18"]
[EventType "swiss (blitz)"]

1. e4 {[%emt 0:00:02]} e5 {[%emt 0:00:01]} 2. Nf3 {[%emt 0:00:01]} Nc6 {[%emt 0:00:01]} 3. d4 {[%emt 0:00:01]} exd4 {[%emt 0:00:02]} 4. Nxd4 {[%emt 0:00:01]} Nf6 {[%emt 0:00:01]} 5. Nxc6 {[%emt 0:00:01]} bxc6 {[%emt 0:00:01]} 6. e5 {[%emt 0:00:01]} Ne4 {[%emt 0:00:03]} 7. Nc3 {[%emt 0:00:02]} Bb4 {[%emt 0:00:02]} 8. Bd2 {[%emt 0:00:02]} Qh4 {[%emt 0:00:03]} 9. Qf3 {[%emt 0:00:02]} Nxd2 {[%emt 0:00:02]} 10. Kxd2 {[%emt 0:00:01]} Bb7 {[%emt 0:00:03]} 11. Bd3 {[%emt 0:00:05]} O-O {[%emt 0:00:02]} 12. a3 {[%emt 0:00:07]} Ba5 {[%emt 0:00:02]} 13. Rae1 {[%emt 0:00:06]} d5 {[%emt 0:00:03]} 14. exd6 {[%emt 0:00:04]} cxd6 {[%emt 0:00:02]} 15. Qf5 {[%emt 0:00:01]} c5 {[%emt 0:00:02]} 16. g3 {[%emt 0:00:03]} Qh6+ {[%emt 0:00:01]} 17. f4 {[%emt 0:00:01]} Bxh1 {[%emt 0:00:01]} 18. Rxh1 {[%emt 0:00:01]} Rfe8 {[%emt 0:00:01]} 19. g4 {[%emt 0:00:01]} Qh3 {[%emt 0:00:02]} 20. Kc1 {[%emt 0:00:05]} Bxc3 {[%emt 0:00:01]} 21. bxc3 {[%emt 0:00:01]} Rab8 {[%emt 0:00:02]} 22. Rf1 {[%emt 0:00:03]} Qe3+ {[%emt 0:00:01]} 23. Kd1 {[%emt 0:00:01]} Rb1# {[%emt 0:00:01] (Lag: Av=0.51s, max=1.0s) (Lag: Av=0.51s, max=1.0s) (Lag: Av=0.51s, max=1.0s)} 0-1

[Event "Stay Safe Play From Home 391"]
[Site "Emanuel Lasker Arena"]
[Date "2020.08.18"]
[Round "5"]
[White "Fischer_11"]
[Black "AChessPlayer"]
[Result "1-0"]
[WhiteElo "2006"]
[BlackElo "2403"]
[Annotator "NA"]
[PlyCount "63"]
[EventDate "2020.08.18"]
[EventType "swiss (blitz)"]

1. e4 {[%emt 0:00:01]} c5 {[%emt 0:00:01]} 2. c3 {[%emt 0:00:01]} Nc6 {[%emt 0:00:01]} 3. d4 {[%emt 0:00:01]} cxd4 {[%emt 0:00:00]} 4. cxd4 {[%emt 0:00:00]} d5 {[%emt 0:00:00]} 5. exd5 {[%emt 0:00:00]} Qxd5 {[%emt 0:00:01]} 6. Nf3 {[%emt 0:00:00]} Bg4 {[%emt 0:00:00]} 7. Nc3 {[%emt 0:00:00]} Bxf3 {[%emt 0:00:00]} 8. gxf3 {[%emt 0:00:00]} Qxd4 {[%emt 0:00:01]} 9. Qxd4 {[%emt 0:00:01]} Nxd4 {[%emt 0:00:00]} 10. Nb5 {[%emt 0:00:00]} Nxb5 {[%emt 0:00:01]} 11. Bxb5+ {[%emt 0:00:02]} Kd8 {[%emt 0:00:00]} 12. Bf4 {[%emt 0:00:00]} e6 {[%emt 0:00:05]} 13. Rd1+ {[%emt 0:00:01]} Ke7 {[%emt 0:00:00]} 14. Bg5+ {[%emt 0:00:01]} f6 {[%emt 0:00:13]} 15. Rd7+ {[%emt 0:00:02]} Ke8 {[%emt 0:00:00]} 16. Rxb7+ {[%emt 0:00:04]} Kd8 {[%emt 0:00:00]} 17. Ke2 {[%emt 0:00:12]} Kc8 {[%emt 0:00:01]} 18. Ba6 {[%emt 0:00:03]} fxg5 {[%emt 0:00:02]} 19. Rc1+ {[%emt 0:00:02]} Kd8 {[%emt 0:00:01]} 20. Rd1+ {[%emt 0:00:02]} Kc8 {[%emt 0:00:03]} 21. Rf7+ {[%emt 0:00:05]} Kb8 {[%emt 0:00:01]} 22. Rxf8+ {[%emt 0:00:01]} Kc7 {[%emt 0:00:00]} 23. Rxa8 {[%emt 0:00:01]} Kb6 {[%emt 0:00:00]} 24. Rdd8 {[%emt 0:00:02]} h5 {[%emt 0:00:02]} 25. Rxg8 {[%emt 0:00:00]} Rh6 {[%emt 0:00:00]} 26. Bd3 {[%emt 0:00:02]} Rf6 {[%emt 0:00:01]} 27. Rxg7 {[%emt 0:00:01]} Rf4 {[%emt 0:00:00]} 28. Raxa7 {[%emt 0:00:00]} Rh4 {[%emt 0:00:01]} 29. Ra6+ {[%emt 0:00:00]} Kc5 {[%emt 0:00:01]} 30. Rxe6 {[%emt 0:00:00]} Rxh2 {[%emt 0:00:01]} 31. Rxg5+ {[%emt 0:00:00]} Kd4 {[%emt 0:00:01]} 32. Re4# {[%emt 0:00:00] (Lag: Av=0.45s, max=0.6s) (Lag: Av=0.45s, max=0.6s) (Lag: Av=0.45s, max=0.6s)} 1-0

[Event "Stay Safe Play From Home 391"]
[Site "Emanuel Lasker Arena"]
[Date "2020.08.18"]
[Round "5"]
[White "Padmaesh M K"]
[Black "Fat Kevin"]
[Result "1-0"]
[WhiteElo "1947"]
[BlackElo "1972"]
[PlyCount "115"]
[EventDate "2020.08.18"]
[EventType "swiss (blitz)"]

1. e4 {[%emt 0:00:01]} c6 {[%emt 0:00:00]} 2. c4 {[%emt 0:00:04]} d5 {[%emt 0:00:00]} 3. exd5 {[%emt 0:00:00]} cxd5 {[%emt 0:00:00]} 4. d4 {[%emt 0:00:00]} dxc4 {[%emt 0:00:01]} 5. Nc3 {[%emt 0:00:00]} Nf6 {[%emt 0:00:01]} 6. Bxc4 {[%emt 0:00:01]} Nc6 {[%emt 0:00:01]} 7. d5 {[%emt 0:00:02]} Ne5 {[%emt 0:00:01]} 8. Bb5+ {[%emt 0:00:01]} Bd7 {[%emt 0:00:01]} 9. Nf3 {[%emt 0:00:02]} Nxf3+ {[%emt 0:00:02]} 10. Qxf3 {[%emt 0:00:01]} Qa5 {[%emt 0:00:02]} 11. Bd2 {[%emt 0:00:01]} Bxb5 {[%emt 0:00:01]} 12. d6 {[%emt 0:00:01]} Bc6 {[%emt 0:00:06]} 13. Nd5 {[%emt 0:00:04]} Qxd5 {[%emt 0:00:02]} 14. dxe7 {[%emt 0:00:01]} Bxe7 {[%emt 0:00:03]} 15. O-O {[%emt 0:00:01]} Qxf3 {[%emt 0:00:01]} 16. gxf3 {[%emt 0:00:00]} Bxf3 {[%emt 0:00:01]} 17. Rfe1 {[%emt 0:00:00]} Nd5 {[%emt 0:00:00]} 18. Re5 {[%emt 0:00:01]} O-O {[%emt 0:00:01]} 19. Rae1 {[%emt 0:00:01]} Bf6 {[%emt 0:00:01]} 20. Rf5 {[%emt 0:00:02]} Rae8 {[%emt 0:00:09]} 21. Rxf3 {[%emt 0:00:02]} Rxe1+ {[%emt 0:00:01]} 22. Bxe1 {[%emt 0:00:00]} Re8 {[%emt 0:00:01]} 23. Kf1 {[%emt 0:00:01]} Rc8 {[%emt 0:00:02]} 24. Rb3 {[%emt 0:00:02]} b6 {[%emt 0:00:01]} 25. Rd3 {[%emt 0:00:01]} Nf4 {[%emt 0:00:01]} 26. Rf3 {[%emt 0:00:01]} Ne6 {[%emt 0:00:01]} 27. Rd3 {[%emt 0:00:02]} h6 {[%emt 0:00:01]} 28. Rd7 {[%emt 0:00:01]} a5 {[%emt 0:00:00]} 29. Rb7 {[%emt 0:00:01]} Bd4 {[%emt 0:00:01]} 30. Ke2 {[%emt 0:00:03]} Kf8 {[%emt 0:00:01]} 31. Kd3 {[%emt 0:00:01]} Ke8 {[%emt 0:00:01]} 32. b4 {[%emt 0:00:02]} a4 {[%emt 0:00:02]} 33. b5 {[%emt 0:00:01]} Bc5 {[%emt 0:00:01]} 34. Bd2 {[%emt 0:00:01]} a3 {[%emt 0:00:01]} 35. Be3 {[%emt 0:00:01]} Bxe3 {[%emt 0:00:02]} 36. Kxe3 {[%emt 0:00:00]} Nc5 {[%emt 0:00:00]} 37. Rxb6 {[%emt 0:00:01]} Na4 {[%emt 0:00:01]} 38. Ra6 {[%emt 0:00:01]} Nc3 {[%emt 0:00:02]} 39. b6 {[%emt 0:00:00]} Nd5+ {[%emt 0:00:01]} 40. Kd4 {[%emt 0:00:01]} Nxb6 {[%emt 0:00:00]} 41. Rxb6 {[%emt 0:00:01]} Rc2 {[%emt 0:00:00]} 42. Rb3 {[%emt 0:00:00]} Rxa2 {[%emt 0:00:01]} 43. Rb8+ {[%emt 0:00:01]} Ke7 {[%emt 0:00:01]} 44. Ra8 {[%emt 0:00:00]} Kf6 {[%emt 0:00:00]} 45. Ke3 {[%emt 0:00:01]} Rb2 {[%emt 0:00:01]} 46. Kf3 {[%emt 0:00:01]} Rb5 {[%emt 0:00:00]} 47. Rxa3 {[%emt 0:00:01]} Rf5+ {[%emt 0:00:00]} 48. Kg2 {[%emt 0:00:01]} Kg6 {[%emt 0:00:00]} 49. Kf1 {[%emt 0:00:00]} Rg5 {[%emt 0:00:00]} 50. Rg3 {[%emt 0:00:01]} h5 {[%emt 0:00:01]} 51. Rxg5+ {[%emt 0:00:01]} Kxg5 {[%emt 0:00:00]} 52. Kg2 {[%emt 0:00:00]} h4 {[%emt 0:00:00]} 53. Kh3 {[%emt 0:00:01]} Kh5 {[%emt 0:00:00]} 54. f3 {[%emt 0:00:01]} g5 {[%emt 0:00:00]} 55. Kg2 {[%emt 0:00:01]} f6 {[%emt 0:00:00]} 56. h3 {[%emt 0:00:00]} f5 {[%emt 0:00:01]} 57. Kf2 {[%emt 0:00:00]} g4 {[%emt 0:00:00]} 58. Kg2 {[%emt 0:00:00] ' ' ' (Lag: Av=0.46s, max=1.2s) (Lag: Av=0.46s, max=1.2s) (Lag: Av=0.46s, max=1.2s)} 1-0

[Event "Stay Safe Play From Home 391"]
[Site "Emanuel Lasker Arena"]
[Date "2020.08.18"]
[Round "5"]
[White "Kohalung"]
[Black "TheCHESSHOUSE"]
[Result "0-1"]
[WhiteElo "1620"]
[BlackElo "1937"]
[PlyCount "22"]
[EventDate "2020.08.18"]
[EventType "swiss (blitz)"]

1. d4 {[%emt 0:00:10]} Nf6 {[%emt 0:00:01]} 2. c4 {[%emt 0:00:14]} g6 {[%emt 0:00:00]} 3. Nc3 {[%emt 0:00:04]} d6 {[%emt 0:00:00]} 4. e4 {[%emt 0:00:04]} Bg7 {[%emt 0:00:02]} 5. Nf3 {[%emt 0:00:04]} O-O {[%emt 0:00:01]} 6. Be2 {[%emt 0:00:03]} Nc6 {[%emt 0:00:01]} 7. d5 {[%emt 0:00:06]} Nb8 {[%emt 0:00:01]} 8. O-O {[%emt 0:00:07]} c6 {[%emt 0:00:01]} 9. dxc6 {[%emt 0:00:04]} bxc6 {[%emt 0:00:00]} 10. e5 {[%emt 0:00:01]} Ne8 {[%emt 0:00:02]} 11. Ng5 {[%emt 0:00:01]} h6 {[%emt 0:00:01] Time Time Time (Lag: Av=1.55s, max=2.0s) (Lag: Av=1.55s, max=2.0s) (Lag: Av=1.55s, max=2.0s)} 0-1

[Event "Stay Safe Play From Home 391"]
[Site "Emanuel Lasker Arena"]
[Date "2020.08.18"]
[Round "5"]
[White "Trotsky"]
[Black "Haris kollari 13"]
[Result "1-0"]
[WhiteElo "1575"]
[BlackElo "1775"]
[Annotator "NA"]
[PlyCount "49"]
[EventDate "2020.08.18"]
[EventType "swiss (blitz)"]

1. d4 {[%emt 0:00:01]} e6 {[%emt 0:00:00]} 2. e3 {[%emt 0:00:01]} d5 {[%emt 0:00:01]} 3. c4 {[%emt 0:00:01]} c5 {[%emt 0:00:00]} 4. Nc3 {[%emt 0:00:01]} cxd4 {[%emt 0:00:01]} 5. exd4 {[%emt 0:00:01]} Nc6 {[%emt 0:00:01]} 6. Nf3 {[%emt 0:00:01]} dxc4 {[%emt 0:00:02]} 7. Bxc4 {[%emt 0:00:02]} Nf6 {[%emt 0:00:01]} 8. Be3 {[%emt 0:00:01]} Bb4 {[%emt 0:00:01]} 9. Qc2 {[%emt 0:00:01]} O-O {[%emt 0:00:01]} 10. O-O-O {[%emt 0:00:01]} Bd7 {[%emt 0:00:02]} 11. Bd3 {[%emt 0:00:03]} a6 {[%emt 0:00:01]} 12. Ng5 {[%emt 0:00:01]} h6 {[%emt 0:00:01]} 13. h4 {[%emt 0:00:01]} Ng4 {[%emt 0:00:03]} 14. Bh7+ {[%emt 0:00:02]} Kh8 {[%emt 0:00:01]} 15. Bg8 {[%emt 0:00:01]} Nf6 {[%emt 0:00:02]} 16. Bxf7 {[%emt 0:00:02]} Bxc3 {[%emt 0:00:05]} 17. bxc3 {[%emt 0:00:01]} Rc8 {[%emt 0:00:01]} 18. Bxe6 {[%emt 0:00:07]} Qe7 {[%emt 0:00:04]} 19. Kb1 {[%emt 0:00:05]} Bxe6 {[%emt 0:00:01]} 20. d5 {[%emt 0:00:03]} Nb4 {[%emt 0:00:11]} 21. Qg6 {[%emt 0:00:03]} Nbxd5 {[%emt 0:00:04]} 22. Bd4 {[%emt 0:00:03]} Nxc3+ {[%emt 0:00:03]} 23. Ka1 {[%emt 0:00:07]} Nxd1 {[%emt 0:00:02]} 24. Bxf6 {[%emt 0:00:03]} Bd5 {[%emt 0:00:04]} 25. Qh7# {[%emt 0:00:01] (Lag: Av=0.41s, max=0.9s) (Lag: Av=0.41s, max=0.9s) (Lag: Av=0.41s, max=0.9s)} 1-0